| 000 | 00633nam a2200241Ia 4500 | ||
|---|---|---|---|
| 003 | OSt | ||
| 005 | 20221007110548.0 | ||
| 006 | a|||||r|||| 00| 0 | ||
| 007 | ta | ||
| 008 | 221006b |||||||| |||| 00| 0 eng d | ||
| 024 | _a21,343 | ||
| 037 | _cTextual | ||
| 040 |
_aLCO _cLCO _beng |
||
| 041 |
_2eng _aeng |
||
| 082 | _aY:45, L0 | ||
| 100 |
_aKnudten Richard D. _9689059 |
||
| 245 | 0 | _aCrime, Criminology, and Contemporary Society | |
| 260 |
_aIllinois _bThe Dorsey Press U.S.A. _c1970 |
||
| 300 | _a435 | ||
| 650 | _aCRIME | ||
| 942 |
_hY:45, L0 _cTEXL |
||
| 999 |
_c1190906 _d1190906 |
||